[Event "zonal 3.1"]
[Site "Madras IND"]
[Date "1995.04.??"]
[Round "8"]
[White "Murshed, Niaz"]
[Black "Prasad, Devaki"]
[Result "1/2-1/2"]
[WhiteElo "2520"]
[BlackElo "2460"]
[EventDate "1995.04.15"]
[PlyCount "83"]

1.d4 d5 2.c4 dxc4 3.e3 Nf6 4.Bxc4 e6 5.Nf3 c5 6.Qe2 a6 7.dxc5 Bxc5 8.O-O 
b5 9.Bd3 Nbd7 10.a4 b4 11.Nbd2 Bb7 12.b3 Nd5 13.Ne4 Be7 14.Bb2 O-O 15.Nd4 
Qb6 16.a5 Qa7 17.Qg4 N7f6 18.Qh3 h6 19.Rac1 Nxe4 20.Bxe4 Nc3 21.Bxb7 Qxb7 
22.Bxc3 bxc3 23.Rxc3 Bb4 24.Rc4 Rfc8 25.Qf3 Qxf3 26.Rxc8+ Rxc8 27.gxf3 
Bxa5 28.Ra1 Bb6 29.Ne2 a5 30.Rc1 Rxc1+ 31.Nxc1 Kf8 32.Nd3 Ke7 33.e4 Kd6 
34.Kg2 f5 35.Kg3 g5 36.h3 Bc7 37.Kg2 Kc6 38.Kf1 Kb5 39.Ke2 h5 40.Ke3 h4 
41.Ke2 Bd6 42.Kf1 1/2-1/2

[Event "zonal 3.1"]
[Site "Madras IND"]
[Date "1995.04.??"]
[Round "9"]
[White "Al-Sayed, Mohamad Naser"]
[Black "Al-Hadarani, Hatim"]
[Result "0-1"]
[WhiteElo "2000"]
[BlackElo "2370"]
[EventDate "1995.04.15"]
[PlyCount "80"]

1.e4 Nc6 2.Nf3 e5 3.Bc4 Nf6 4.d3 Bc5 5.c3 d6 6.Bb3 Qe7 7.O-O Bg4 8.Nbd2 h6
9.Bc2 a5 10.Nc4 Bh5 11.Be3 Nh7 12.d4 Ba7 13.d5 Nb8 14.Bxa7 Rxa7 15.Qd3 Nd7
16.Nfd2 O-O 17.f4 Nc5 18.Qe3 exf4 19.Rxf4 b5 20.Na3 Rb7 21.b4 axb4 22.cxb4
Nd7 23.Nb3 Nhf6 24.Re1 Re8 25.Qd2 Ra8 26.Na5 Rb6 27.Bd3 Ne5 28.Nxb5 Nxd3 
29.Qxd3 Ng4 30.Qh3 Qg5 31.Rf5 Qd2 32.Qg3 Rxb5 33.Rxh5 Rxb4 34.Nb3 Qxa2 35.
Qxg4 Rxb3 36.Rxh6 Rb1 37.Rxb1 Qxb1+ 38.Kf2 Qb3 39.Rh3 Ra2+ 40.Ke1 Qb4+ 0-1

[Event "zonal 3.1"]
[Site "Madras IND"]
[Date "1995.04.??"]
[Round "9"]
[White "Babu, N. Sudhakar"]
[Black "Barua, Dibyendu"]
[Result "1/2-1/2"]
[WhiteElo "2350"]
[BlackElo "2515"]
[EventDate "1995.04.15"]
[PlyCount "28"]

1.d4 d5 2.c4 c6 3.Nf3 Nf6 4.Nc3 dxc4 5.a4 Bf5 6.Nh4 Bc8 7.Nf3 Bf5 8.Nh4 e6
9.Nxf5 exf5 10.e3 Bb4 11.Bxc4 O-O 12.O-O a5 13.Qf3 g6 14.h3 h5 1/2-1/2

[Event "zonal 3.1"]
[Site "Madras IND"]
[Date "1995.04.??"]
[Round "9"]
[White "Bin Sattar, Reefat"]
[Black "Prasad, Devaki"]
[Result "1/2-1/2"]
[WhiteElo "2430"]
[BlackElo "2460"]
[EventDate "1995.04.15"]
[PlyCount "73"]

1.e4 c5 2.Nf3 e6 3.c3 d5 4.exd5 exd5 5.d4 Nc6 6.Bb5 Bd6 7.O-O Ne7 8.dxc5 
Bxc5 9.Nbd2 a6 10.Be2 Bg4 11.Nb3 Ba7 12.h3 Bh5 13.Ne5 Bxe2 14.Qxe2 Nxe5 
15.Qxe5 O-O 16.Bg5 Ng6 17.Qf5 f6 18.Be3 Bxe3 19.Qe6+ Kh8 20.Qxe3 Re8 21.
Qd2 Ne5 22.Rad1 Nc4 23.Qc2 Re5 24.Nc5 Qe7 25.Nd3 Re4 26.Qc1 Rd8 27.b3 Na5 
28.Rfe1 Nc6 29.f3 Re2 30.Kf1 Rxe1+ 31.Rxe1 Qd7 32.Qf4 Kg8 33.Nc5 Qf7 34.
Ne6 Rd7 35.Nc5 Rd8 36.Ne6 Rd7 37.Nc5 1/2-1/2

[Event "zonal 3.1"]
[Site "Madras IND"]
[Date "1995.04.??"]
[Round "9"]
[White "Eid, Fadi"]
[Black "Hakki, Imad"]
[Result "0-1"]
[WhiteElo "2225"]
[BlackElo "2360"]
[EventDate "1995.04.15"]
[PlyCount "108"]

1.e4 c5 2.Nf3 d6 3.d4 cxd4 4.Nxd4 Nf6 5.Nc3 g6 6.g3 Nc6 7.Bg2 Nxd4 8.Qxd4 
Bg7 9.O-O O-O 10.Qb4 Qc7 11.Bg5 Be6 12.Nd5 Bxd5 13.exd5 Rfe8 14.c3 Nd7 15.
Rad1 Qb6 16.Qxb6 Nxb6 17.Rfe1 Bf6 18.Bc1 Kg7 19.Re4 Rec8 20.Rb4 Rc4 21.
Rxc4 Nxc4 22.b3 Nb6 23.c4 Nd7 24.Be3 a5 25.Bh3 Nc5 26.Bxc5 dxc5 27.a4 Rd8 
28.Rd3 Bd4 29.Kf1 Rd6 30.Ke2 Rf6 31.f3 g5 32.Kf1 h5 33.Bc8 Rb6 34.Bd7 Kf6 
35.Bb5 Rd6 36.Rd2 Rd8 37.Re2 Be5 38.Rd2 Bc7 39.Kf2 Bd6 40.Re2 e6 41.Rd2 
Be5 42.Ke2 Bd4 43.dxe6 fxe6 44.Kf1 Kf5 45.Kg2 e5 46.h3 h4 47.g4+ Kf4 48.
Rd3 e4 49.fxe4 Kxe4 50.Rd2 Rf8 51.Bd7 Ke3 52.Rc2 Rf3 53.Rc1 Rf2+ 54.Kg1 
Kd2 0-1

[Event "zonal 3.1"]
[Site "Madras IND"]
[Date "1995.04.??"]
[Round "9"]
[White "Koshy, Varugeese"]
[Black "Safarzadeh, Esmail"]
[Result "1/2-1/2"]
[WhiteElo "2405"]
[BlackElo "2275"]
[EventDate "1995.04.15"]
[PlyCount "115"]

1.c4 Nf6 2.g3 c5 3.Bg2 d5 4.cxd5 Nxd5 5.Nc3 Nxc3 6.bxc3 g6 7.Nf3 Bg7 8.O-O
O-O 9.Qa4 Bd7 10.Qa3 Qc7 11.d3 c4 12.d4 Nc6 13.Bf4 Qa5 14.Qxa5 Nxa5 15.Bc7
b6 16.Ne5 Bxe5 17.Bxe5 Rad8 18.h3 Bc6 19.e4 Ba4 20.Rfc1 Nc6 21.Bf4 f6 22.
Be3 e5 23.d5 Nb8 24.f4 Na6 25.fxe5 fxe5 26.h4 Bd7 27.Rf1 Rc8 28.Rxf8+ Kxf8
29.Rf1+ Kg7 30.Bg5 Re8 31.Bf6+ Kg8 32.Kf2 Nc5 33.Ke3 h6 34.Bf3 b5 35.g4 
Bc8 36.g5 h5 37.Be2 Nd7 38.a4 a6 39.axb5 axb5 40.Ra1 Nxf6 41.gxf6 Kf7 42.
Ra5 Bd7 43.Ra6 Rb8 44.Kd2 Rb7 45.Kc2 Bh3 46.Kd2 Bg2 47.Ke3 Bh3 48.Kf2 Bc8 
49.Bf1 Bg4 50.Ke3 Rb8 51.Bg2 b4 52.Bf1 b3 53.Ra1 b2 54.Rb1 Bd1 55.Kd2 Bf3 
56.Ke3 Bd1 57.Kd2 Bf3 58.Ke3 1/2-1/2

[Event "zonal 3.1"]
[Site "Madras IND"]
[Date "1995.04.??"]
[Round "9"]
[White "Moussa, Othman"]
[Black "Momeni, Hadi"]
[Result "1/2-1/2"]
[WhiteElo "2185"]
[BlackElo "2300"]
[EventDate "1995.04.15"]
[PlyCount "127"]

1.d4 d5 2.c4 e6 3.Nc3 Nf6 4.cxd5 Nxd5 5.e4 Nxc3 6.bxc3 c5 7.d5 exd5 8.exd5
Qf6 9.Qb3 Bd6 10.Bb5+ Nd7 11.Nf3 O-O 12.O-O Ne5 13.Nxe5 Bxe5 14.Be3 Bxc3 
15.Rac1 Bd4 16.Bxd4 cxd4 17.Bd3 Bf5 18.Bxf5 Qxf5 19.Rcd1 Rad8 20.Rxd4 Rd7 
21.Rfd1 h6 22.h3 Re8 23.Qc4 Rd6 24.R4d3 Re2 25.Qd4 Rxa2 26.Rg3 f6 27.Qe3 
Qe5 28.Qc5 Re2 29.Qc8+ Qe8 30.Qxb7 Re5 31.Rc3 Kh7 32.Qb1+ g6 33.Rg3 f5 34.
Qb3 Re2 35.h4 Qe7 36.h5 g5 37.Qf3 Qe4 38.Qxe4 Rxe4 39.Rc3 Kg7 40.Rc7+ Kf6 
41.Rxa7 Re5 42.Ra5 f4 43.Rc5 Kf5 44.Rc6 Rdxd5 45.Rxd5 Rxd5 46.Rxh6 g4 47.
Rg6 Rd1+ 48.Kh2 Rd2 49.Kg1 Rd1+ 50.Kh2 Rf1 51.Rg8 Rxf2 52.h6 g3+ 53.Kg1 
Rb2 54.Kf1 Rb1+ 55.Ke2 Rb2+ 56.Kd3 Rb3+ 57.Kd4 Rb7 58.Rg7 Rb1 59.Rf7+ Kg5 
60.h7 Rd1+ 61.Ke5 Re1+ 62.Kd6 Rh1 63.Ke5 Re1+ 64.Kd6 1/2-1/2

[Event "zonal 3.1"]
[Site "Madras IND"]
[Date "1995.04.??"]
[Round "9"]
[White "Murshed, Niaz"]
[Black "Ramesh, Ramachandran"]
[Result "1/2-1/2"]
[WhiteElo "2520"]
[BlackElo "2330"]
[EventDate "1995.04.15"]
[PlyCount "105"]

1.d4 d5 2.c4 c6 3.Nc3 Nf6 4.e3 g6 5.Nf3 Bg7 6.Bd3 O-O 7.O-O c5 8.dxc5 dxc4
9.Bxc4 Qa5 10.Nb5 Ne4 11.Qd5 a6 12.Qxe4 axb5 13.Bd5 e6 14.Bb3 Na6 15.Bd2 
Nxc5 16.Qc2 Qb6 17.Bb4 Nxb3 18.axb3 Rxa1 19.Rxa1 Re8 20.Bc3 f6 21.Ba5 Qc6 
22.Qxc6 bxc6 23.Rc1 Bd7 24.Nd4 Rc8 25.b4 e5 26.Nb3 Bf8 27.Nc5 Bxc5 28.bxc5
Be6 29.f3 Ra8 30.Bc3 Bb3 31.Re1 Kf7 32.f4 e4 33.g4 h5 34.gxh5 gxh5 35.Kf2 
Be6 36.Rd1 Bd5 37.Rg1 Be6 38.Rd1 Bd5 39.Rg1 Be6 40.Bd4 h4 41.Ke2 Rg8 42.
Rxg8 Kxg8 43.Bxf6 h3 44.Kf2 Kf7 45.Bd8 Bf5 46.Kg3 Kg6 47.Kh4 Kh6 48.Be7 
Kg6 49.Bf8 Be6 50.f5+ Bxf5 51.Kg3 Kf7 52.Bd6 Ke6 53.Kf4 1/2-1/2

[Event "zonal 3.1"]
[Site "Madras IND"]
[Date "1995.04.??"]
[Round "9"]
[White "Rahman, Ziaur"]
[Black "Mehyo, Abdul Rahim"]
[Result "1-0"]
[WhiteElo "2445"]
[BlackElo "2300"]
[EventDate "1995.04.15"]
[PlyCount "121"]

1.c4 Nf6 2.Nf3 g6 3.Nc3 Bg7 4.e4 d6 5.d4 O-O 6.h3 e5 7.d5 a5 8.Bg5 Na6 9.
Nd2 Nc5 10.Be2 c6 11.b3 cxd5 12.Nxd5 Ne6 13.Bh4 h6 14.O-O g5 15.Nxf6+ Bxf6
16.Bg3 Qb6 17.Bg4 a4 18.Kh1 Kg7 19.Re1 Nd4 20.Bxc8 Rfxc8 21.Rb1 axb3 22.
axb3 Ra3 23.Re3 Rca8 24.Nf1 Ra2 25.Re1 Qc6 26.Qg4 Kg6 27.Qd1 Bd8 28.Qd3 b5
29.Ne3 bxc4 30.Nxc4 f6 31.f4 Kh7 32.fxg5 hxg5 33.Bh2 Be7 34.Bg1 Ne6 35.Qf3
Kg8 36.Nb6 Nf4 37.Rbc1 Qb7 38.Nxa8 Rxa8 39.Ra1 Bd8 40.Rxa8 Qxa8 41.Rc1 Kg7
42.Be3 Qb7 43.Bxf4 exf4 44.Qd3 Qb4 45.Kh2 Bb6 46.Rf1 Bc5 47.Kh1 Qa3 48.Qc2
Qb4 49.Rd1 Qa3 50.Rb1 Qb4 51.Kh2 Kh6 52.Qe2 Be3 53.Qf3 Kg6 54.h4 Bc5 55.
Kh3 Be3 56.Rd1 Qxb3 57.Rxd6 Qb1 58.g3 Bc5 59.Rc6 Qb5 60.e5 Be7 61.gxf4 1-0

[Event "zonal 3.1"]
[Site "Madras IND"]
[Date "1995.04.??"]
[Round "9"]
[White "Wijesuriya, Godigamuwage Luxman"]
[Black "Sarsam, Saad Abdullah"]
[Result "0-1"]
[WhiteElo "2185"]
[BlackElo "2430"]
[EventDate "1995.04.15"]
[PlyCount "84"]

1.d4 Nf6 2.Nf3 c5 3.c3 cxd4 4.cxd4 d5 5.Nc3 Nc6 6.a3 Ne4 7.e3 Nxc3 8.bxc3 
g6 9.Qb3 a6 10.Bd2 Na5 11.Qa2 Bg7 12.Bd3 Bf5 13.Bxf5 gxf5 14.O-O Qd7 15.
Rfc1 Rc8 16.Rab1 e6 17.Be1 O-O 18.Nd2 Rc6 19.Nb3 Nxb3 20.Qxb3 b5 21.a4 Rb8
22.axb5 axb5 23.Ra1 Bf8 24.Ra5 Rcb6 25.Rca1 Qc6 26.g3 Kg7 27.Qd1 Kg6 28.g4
f4 29.exf4 b4 30.Ra7 b3 31.f5+ Kg7 32.Qd2 exf5 33.gxf5 Qf6 34.Qf4 Bd6 35.
Qg4+ Kh8 36.Qh5 Rg8+ 37.Kf1 Qg7 38.Qf3 b2 39.Rb1 Qg1+ 40.Ke2 Re8+ 41.Kd3 
Re4 42.Ra8+ Bb8 0-1

[Event "zonal 3.1"]
[Site "Madras IND"]
[Date "1995.04.??"]
[Round "10"]
[White "Al-Sayed, Mohamad Naser"]
[Black "Eid, Fadi"]
[Result "0-1"]
[WhiteElo "2000"]
[BlackElo "2225"]
[EventDate "1995.04.15"]
[PlyCount "44"]

1.e4 e5 2.Nf3 f5 3.Nxe5 Nc6 4.Nxc6 dxc6 5.exf5 Bxf5 6.Be2 Qd7 7.O-O O-O-O 
8.Nc3 Nf6 9.Bf3 g5 10.a4 h5 11.Rb1 g4 12.Be2 g3 13.b4 gxf2+ 14.Kh1 Ng4 15.
Bf3 Qd6 16.g3 Nxh2 17.Rxf2 Ng4 18.Rg2 h4 19.Bxg4 hxg3+ 20.Bh5 Qg6 21.d3 
Rxh5+ 22.Kg1 Qh7 0-1

[Event "zonal 3.1"]
[Site "Madras IND"]
[Date "1995.04.??"]
[Round "10"]
[White "Hakki, Imad"]
[Black "Murshed, Niaz"]
[Result "0-1"]
[WhiteElo "2360"]
[BlackElo "2360"]
[EventDate "1995.04.15"]
[PlyCount "50"]

1.c4 e5 2.Nc3 d6 3.Nf3 Nf6 4.g3 g6 5.d4 Nbd7 6.Bg2 Bg7 7.O-O O-O 8.e4 c6 
9.h3 exd4 10.Nxd4 Qb6 11.Re1 Ng4 12.Nce2 Nge5 13.b3 Nc5 14.Be3 a5 15.Qc2 
a4 16.Rad1 Re8 17.Nc3 Qb4 18.f4 Ned7 19.Rb1 axb3 20.axb3 Ra3 21.Na2 Qa5 
22.Nc3 Na6 23.Qb2 Ndc5 24.Ra1 Rxb3 25.Nxb3 Qxc3 0-1

[Event "zonal 3.1"]
[Site "Madras IND"]
[Date "1995.04.??"]
[Round "10"]
[White "Koshy, Varugeese"]
[Black "Al-Hadarani, Hatim"]
[Result "0-1"]
[WhiteElo "2405"]
[BlackElo "2370"]
[EventDate "1995.04.15"]
[PlyCount "92"]

1.c4 e5 2.g3 Nc6 3.Bg2 d6 4.Nc3 Be6 5.d3 Qd7 6.Nd5 Nd8 7.e4 c6 8.Ne3 c5 9.
Ne2 Nc6 10.O-O h5 11.f4 Bg4 12.f5 Nf6 13.h3 Bxe2 14.Qxe2 h4 15.g4 Be7 16.
Bd2 Nd4 17.Qd1 Nh7 18.b4 Bg5 19.Rb1 b6 20.Rf2 Bf4 21.Bc1 g5 22.Rfb2 O-O 
23.Nd5 Kg7 24.Bd2 Rac8 25.bxc5 Rxc5 26.Bb4 Rcc8 27.a4 Nf6 28.Nxf4 gxf4 29.
a5 Nh7 30.axb6 axb6 31.Be1 Ng5 32.Rxb6 Qa7 33.Bf2 Rb8 34.Rxb8 Rxb8 35.Rxb8
Qxb8 36.Bxd4 exd4 37.Qc1 d5 38.cxd5 f6 39.Qe1 f3 40.e5 Qxe5 41.Qxe5 fxe5 
42.Bh1 Nxh3+ 43.Kf1 Ng5 44.Kf2 h3 45.d6 Kf7 46.Kg1 e4 0-1

[Event "zonal 3.1"]
[Site "Madras IND"]
[Date "1995.04.??"]
[Round "10"]
[White "Moussa, Othman"]
[Black "Wijesuriya, Godigamuwage Luxman"]
[Result "0-1"]
[WhiteElo "2185"]
[BlackElo "2185"]
[EventDate "1995.04.15"]
[PlyCount "104"]

1.d4 e6 2.c4 f5 3.Nf3 Nf6 4.e3 b6 5.Nc3 Bb7 6.Bd3 Bb4 7.Bd2 Na6 8.O-O O-O 
9.Qe2 c5 10.Rfd1 Ne4 11.Be1 Qf6 12.Rac1 g5 13.Bxe4 fxe4 14.Ne5 Rad8 15.Qh5
cxd4 16.Ng4 Qg6 17.Qxg6+ hxg6 18.exd4 d5 19.cxd5 exd5 20.Bd2 Be7 21.Nb5 
Ra8 22.a3 Rfc8 23.Ne5 Kg7 24.Rxc8 Rxc8 25.Rc1 Rxc1+ 26.Bxc1 Bf6 27.Nxa7 
Nc7 28.Nac6 Nb5 29.Be3 Nd6 30.Kf1 Nf5 31.Ke1 Nh4 32.g3 Bxc6 33.Nxc6 Nf3+ 
34.Ke2 Kf7 35.Ne5+ Bxe5 36.dxe5 d4 37.Bd2 Nxd2 38.Kxd2 g4 39.Kc2 Ke6 40.
Kd2 Kxe5 41.Ke2 Kd5 42.b3 d3+ 43.Ke3 g5 44.Kd2 Kd4 45.a4 Kd5 46.Kc3 Kc5 
47.b4+ Kd5 48.b5 Kc5 49.Kb3 Kd4 50.a5 e3 51.fxe3+ Kxe3 52.axb6 d2 0-1

[Event "zonal 3.1"]
[Site "Madras IND"]
[Date "1995.04.??"]
[Round "10"]
[White "Rahman, Ziaur"]
[Black "Babu, N. Sudhakar"]
[Result "1/2-1/2"]
[WhiteElo "2445"]
[BlackElo "2350"]
[EventDate "1995.04.15"]
[PlyCount "152"]

1.c4 f5 2.g3 Nf6 3.Bg2 g6 4.e3 Bg7 5.Ne2 O-O 6.O-O e5 7.d3 Nc6 8.Nbc3 d6 
9.b3 Be6 10.Bb2 Bf7 11.Qd2 Qd7 12.e4 fxe4 13.dxe4 Be6 14.Nd5 Rae8 15.Rad1 
Rf7 16.f3 Ref8 17.Qe3 b6 18.Bc3 Bh3 19.b4 Bxg2 20.Kxg2 Qc8 21.Qd2 Qe6 22.
Qc2 Nb8 23.Qb3 Ne8 24.Bb2 Nd7 25.Ne3 Bh6 26.Ng4 Bg7 27.Ba3 Nb8 28.c5 Qxb3 
29.axb3 b5 30.Nc3 h5 31.Ne3 a6 32.Bb2 Rd7 33.Ncd5 Nc6 34.Nc2 Nf6 35.Rd3 
Nxd5 36.Rxd5 Rfd8 37.Rfd1 Nb8 38.Bc1 dxc5 39.Bg5 Rxd5 40.exd5 Re8 41.bxc5 
e4 42.fxe4 Rxe4 43.Re1 Rxe1 44.Nxe1 a5 45.Bd8 Na6 46.d6 cxd6 47.c6 a4 48.
bxa4 bxa4 49.Nc2 Kf7 50.c7 Nxc7 51.Bxc7 Ke6 52.Kf3 Kd5 53.h3 Be5 54.g4 
hxg4+ 55.hxg4 Kc4 56.Ke4 Kc3 57.Na3 Kb3 58.Nb5 Kb4 59.Nd4 Kc4 60.Nf3 Bg3 
61.Nd2+ Kc5 62.Kd3 a3 63.Kc2 Kd4 64.Kb3 Bf4 65.Bb6+ Kd3 66.Nf3 g5 67.Kxa3 
Ke4 68.Ne1 Bd2 69.Nc2 Kf3 70.Kb3 Kxg4 71.Kc4 Kf3 72.Kd3 Bf4 73.Nd4+ Kg2 
74.Ke2 g4 75.Nc2 Kh2 76.Ne1 Be5 1/2-1/2

[Event "zonal 3.1"]
[Site "Madras IND"]
[Date "1995.04.??"]
[Round "11"]
[White "Al-Hadarani, Hatim"]
[Black "Safarzadeh, Esmail"]
[Result "1-0"]
[WhiteElo "2370"]
[BlackElo "2275"]
[EventDate "1995.04.15"]
[PlyCount "79"]

1.d4 Nf6 2.Nf3 g6 3.g3 Bg7 4.Bg2 O-O 5.O-O d5 6.Ne5 Nbd7 7.Nc3 c6 8.f4 Qc7
9.e3 b6 10.Bd2 Bb7 11.g4 e6 12.g5 Ne8 13.Ne2 c5 14.c3 Nd6 15.Ng3 a5 16.h4 
Nf5 17.Qe1 Rfe8 18.h5 b5 19.a3 Rab8 20.Bf3 Nf8 21.Qf2 b4 22.axb4 axb4 23.
Nxf5 gxf5 24.cxb4 cxd4 25.exd4 Qb6 26.Be2 Rec8 27.Bc3 Qd6 28.Ra7 Nd7 29.
Nd3 Qb6 30.Rfa1 Ra8 31.R7a5 Bc6 32.Nc5 Qc7 33.Qe3 Qd6 34.Kh2 Nb6 35.b5 
Rxa5 36.Bxa5 Ba8 37.Bxb6 Qxb6 38.Ra6 Qb8 39.g6 hxg6 40.hxg6 1-0

[Event "zonal 3.1"]
[Site "Madras IND"]
[Date "1995.04.??"]
[Round "11"]
[White "Al-Modiahki, Mohamad"]
[Black "Barua, Dibyendu"]
[Result "1/2-1/2"]
[WhiteElo "2360"]
[BlackElo "2515"]
[EventDate "1995.04.15"]
[PlyCount "22"]

1.e4 e5 2.Nf3 Nf6 3.Nxe5 d6 4.Nf3 Nxe4 5.d4 d5 6.Bd3 Bd6 7.O-O O-O 8.c4 c6
9.cxd5 cxd5 10.Nc3 Nxc3 11.bxc3 Bg4 1/2-1/2

[Event "zonal 3.1"]
[Site "Madras IND"]
[Date "1995.04.??"]
[Round "11"]
[White "Babu, N. Sudhakar"]
[Black "Sarsam, Saad Abdullah"]
[Result "1-0"]
[WhiteElo "2350"]
[BlackElo "2430"]
[EventDate "1995.04.15"]
[PlyCount "77"]

1.d4 d5 2.c4 c6 3.Nf3 Nf6 4.Nc3 dxc4 5.a4 Bf5 6.Nh4 e6 7.Nxf5 exf5 8.e3 
Bd6 9.Bxc4 O-O 10.Qf3 g6 11.h3 h5 12.O-O Qe7 13.Re1 Ne4 14.g4 hxg4 15.hxg4
Ng5 16.Qg2 f4 17.e4 Kg7 18.e5 Bb4 19.Bxf4 Bxc3 20.bxc3 Nd7 21.a5 Rh8 22.
Bg3 Nf8 23.f4 Nh3+ 24.Kf1 Qd7 25.Qf3 Ne6 26.Kg2 Rh7 27.Re2 Rah8 28.Rf1 g5 
29.fxg5 Nhxg5 30.Qf6+ Kf8 31.Qf5 Ke8 32.Rb2 Rg7 33.d5 Nd8 34.Qxd7+ Kxd7 
35.e6+ fxe6 36.Be5 exd5 37.Bxg7 Rg8 38.Bf6 dxc4 39.Rd1+ 1-0

[Event "zonal 3.1"]
[Site "Madras IND"]
[Date "1995.04.??"]
[Round "11"]
[White "Bin Sattar, Reefat"]
[Black "Tilak, Sharad"]
[Result "1/2-1/2"]
[WhiteElo "2430"]
[BlackElo "2415"]
[EventDate "1995.04.15"]
[PlyCount "107"]

1.e4 c5 2.c3 d5 3.exd5 Qxd5 4.d4 Nf6 5.Nf3 Nc6 6.Be3 e6 7.Bd3 Be7 8.O-O 
O-O 9.dxc5 Rd8 10.Be2 Qf5 11.Nd4 Qxc5 12.Nd2 Nxd4 13.cxd4 Qd5 14.Bf3 Qb5 
15.a4 Qb4 16.Qc2 Nd5 17.Be4 f5 18.Bd3 Bf6 19.Nc4 Nxe3 20.fxe3 Bd7 21.Qc3 
Qxc3 22.bxc3 Rac8 23.Rfc1 Rc7 24.g3 g6 25.Kf2 Bc6 26.Be2 Kf8 27.Na5 Be4 
28.Nb3 e5 29.Nc5 Bd5 30.Nd3 exd4 31.cxd4 Rdc8 32.Ke1 Rxc1+ 33.Rxc1 Rxc1+ 
34.Nxc1 Ke7 35.Kd2 Kd6 36.Nd3 Bc6 37.Bd1 a5 38.Bb3 b6 39.Nb2 b5 40.axb5 
Bxb5 41.Nc4+ Bxc4 42.Bxc4 h6 43.Kc3 Bd8 44.Bb3 Ke7 45.Kc4 Kd6 46.Ba4 Bg5 
47.Kd3 Be7 48.Be8 g5 49.Kc4 g4 50.Kd3 Bg5 51.e4 fxe4+ 52.Kxe4 Bd2 53.Ba4 
Bc1 54.Bd1 1/2-1/2

[Event "zonal 3.1"]
[Site "Madras IND"]
[Date "1995.04.??"]
[Round "11"]
[White "Eid, Fadi"]
[Black "Wijesuriya, Godigamuwage Luxman"]
[Result "1-0"]
[WhiteElo "2245"]
[BlackElo "2185"]
[EventDate "1995.04.15"]
[PlyCount "61"]

1.e4 Nc6 2.Nf3 d5 3.exd5 Qxd5 4.Nc3 Qd8 5.d4 Bg4 6.d5 Ne5 7.Nxe5 Bxd1 8.
Bb5+ c6 9.dxc6 Be2 10.Kxe2 a6 11.c7+ axb5 12.cxd8=Q+ Rxd8 13.Nxb5 Rc8 14.
Nc3 Nf6 15.Bg5 e6 16.Bxf6 gxf6 17.Nd3 Rg8 18.g3 e5 19.Kf3 Bg7 20.Rhe1 Ke7 
21.g4 Bh6 22.Re4 Bd2 23.Nd5+ Ke6 24.c4 h5 25.N3f4+ Bxf4 26.Nxf4+ Ke7 27.
Nxh5 Rh8 28.Rd1 Kf8 29.Nxf6 Rxh2 30.b3 Kg7 31.Nh5+ 1-0

[Event "zonal 3.1"]
[Site "Madras IND"]
[Date "1995.04.??"]
[Round "11"]
[White "Mehyo, Abdul Rahim"]
[Black "Al-Sayed, Mohamad Naser"]
[Result "1-0"]
[WhiteElo "2300"]
[BlackElo "2000"]
[EventDate "1995.04.15"]
[PlyCount "65"]

1.e4 c5 2.Nf3 Nc6 3.d4 cxd4 4.Nxd4 Nf6 5.Nc3 e5 6.Ndb5 d6 7.Bg5 a6 8.Na3 
b5 9.Bxf6 gxf6 10.Nd5 Bg7 11.c3 Ne7 12.Nc2 O-O 13.Nce3 f5 14.Nxe7+ Qxe7 
15.exf5 Rd8 16.Nd5 Qg5 17.h4 Qh6 18.g4 f6 19.Qf3 Ra7 20.Qg2 Bb7 21.g5 Qh5 
22.gxf6 Qf7 23.Ne7+ Kf8 24.fxg7+ Kxe7 25.Qg5+ Kd7 26.Rg1 Rg8 27.f6 Bd5 28.
O-O-O Kc8 29.Bh3+ Be6 30.Bg2 b4 31.Rxd6 bxc3 32.Qxe5 cxb2+ 33.Kxb2 1-0

[Event "zonal 3.1"]
[Site "Madras IND"]
[Date "1995.04.??"]
[Round "11"]
[White "Momeni, Hadi"]
[Black "Koshy, Varugeese"]
[Result "0-1"]
[WhiteElo "2330"]
[BlackElo "2405"]
[EventDate "1995.04.15"]
[PlyCount "68"]

1.e4 g6 2.d4 Bg7 3.Nc3 d6 4.Nf3 c6 5.Be2 Nf6 6.O-O O-O 7.a4 a5 8.h3 Na6 9.
Be3 Nb4 10.Qd2 e5 11.Rfd1 exd4 12.Nxd4 Re8 13.Bf3 d5 14.exd5 Nbxd5 15.Nxd5
Nxd5 16.Nb5 Be6 17.Bxd5 Bxd5 18.Nc3 Be6 19.Qxd8 Rexd8 20.Bb6 Rxd1+ 21.Rxd1
Bf5 22.Rd2 h5 23.f3 h4 24.Rd8+ Rxd8 25.Bxd8 Bxc2 26.Bxh4 b5 27.axb5 cxb5 
28.Nxb5 Bxb2 29.Be7 Bd3 30.Na3 Bd4+ 31.Kh2 f6 32.g4 Kf7 33.Bd6 Ke6 34.Bf8 
Bc3 0-1

[Event "zonal 3.1"]
[Site "Madras IND"]
[Date "1995.04.??"]
[Round "11"]
[White "Murshed, Niaz"]
[Black "Rahman, Ziaur"]
[Result "1-0"]
[WhiteElo "2520"]
[BlackElo "2445"]
[EventDate "1995.04.15"]
[PlyCount "93"]

1.Nf3 d5 2.c4 e6 3.g3 Nf6 4.Bg2 Be7 5.O-O O-O 6.b3 Nbd7 7.Bb2 c6 8.d4 Ne4 
9.Nc3 f5 10.e3 b6 11.Nxe4 fxe4 12.Nd2 Nf6 13.f3 exf3 14.Bxf3 a5 15.e4 Ba6 
16.Kh1 b5 17.e5 Ne8 18.Bg4 Nc7 19.c5 b4 20.Rf3 Qd7 21.h4 Rxf3 22.Nxf3 Rf8 
23.a4 Bd8 24.Bc1 h6 25.h5 Qf7 26.Qc2 Kh8 27.Bf4 Rg8 28.Kg2 Be7 29.Rd1 g6 
30.hxg6 Qxg6 31.Qxg6 Rxg6 32.Bh5 Rg7 33.Ng1 Kh7 34.Be2 Bxe2 35.Nxe2 Kg6 
36.Rh1 Rh7 37.Kf3 h5 38.Be3 Bg5 39.Bxg5 Kxg5 40.Nf4 Rh8 41.Rh4 Rh6 42.Nh3+
Kg6 43.Rf4 Rh8 44.Rf6+ Kg7 45.Nf4 Rh6 46.Ke3 Rxf6 47.Nxh5+ 1-0

[Event "zonal 3.1"]
[Site "Madras IND"]
[Date "1995.04.??"]
[Round "11"]
[White "Prasad, Devaki"]
[Black "Ramesh, Ramachandran"]
[Result "1/2-1/2"]
[WhiteElo "2460"]
[BlackElo "2330"]
[EventDate "1995.04.15"]
[PlyCount "121"]

1.e4 e5 2.Nf3 Nc6 3.Bb5 a6 4.Ba4 Nf6 5.O-O Nxe4 6.d4 b5 7.Bb3 d5 8.dxe5 
Be6 9.Nbd2 Nc5 10.c3 Bg4 11.Bc2 Be7 12.Re1 O-O 13.Nf1 Re8 14.Ne3 Nxe5 15.
Nxg4 Nxg4 16.h3 Nf6 17.Nd4 Bf8 18.Bg5 Rxe1+ 19.Qxe1 Qd6 20.Qd1 Nfe4 21.Be3
g6 22.f3 Nf6 23.Qd2 Re8 24.Rd1 Ncd7 25.Bf4 Qb6 26.Re1 Rxe1+ 27.Qxe1 c5 28.
Ne2 Qe6 29.Qf2 d4 30.a3 Qc4 31.Bc1 dxc3 32.Nxc3 Nd5 33.Nxd5 Qxd5 34.Qd2 
Qd4+ 35.Qxd4 cxd4 36.Kf1 Kg7 37.Ke2 Bc5 38.b4 Bb6 39.a4 Ne5 40.a5 Bd8 41.
Bb2 Nc6 42.Be4 Nxb4 43.Bxd4+ f6 44.Bc3 Na2 45.Bd2 b4 46.Bd5 Nc3+ 47.Bxc3 
bxc3 48.Kd3 Bxa5 49.Bc4 Kh6 50.Bxa6 Kg5 51.g3 Bc7 52.Kxc3 Bxg3 53.Kd3 Kh4 
54.Bc8 Bb8 55.Ke2 Kg3 56.Be6 h5 57.Kf1 Ba7 58.Bf7 Kxh3 59.Bxg6 h4 60.f4 
Kg3 61.f5 1/2-1/2